000 00553nam a2200241Ia 4500
005 20260306150739.0
008 008 260114s9999 xx 000 0 eng d
020 _a9781400868698
037 _aEbook
040 _aCRL
040 _beng
040 _cCRL
041 _2eng
041 _aeng
084 _qCRL
245 4 _aThe Medical Messiahs
260 _bPrinceton University Press
260 _c1967
650 _aMedicine
856 _uhttps://www.degruyter.com/isbn/9781400868698
942 _cEBOOK
999 _c1699289
_d1699289